Účtovníctvo

Gespeichert in:
Bibliographische Detailangaben
1. Verfasser: Laučík, Zdenko
Format: Buch
Sprache:Slowakisch
Veröffentlicht: Bratislava Slovenské pedagogické nakladateľstvo 1980
Schriftenreihe:Vysokoškolská učebnica
Tags: Tag hinzufügen
Keine Tags, Fügen Sie das erste Tag hinzu!

MARC

LEADER 00000nam a2200000 4500
001 c139826
005 20041019155317.1
041 0 |a slo 
044 |a SK 
245 1 0 |a Účtovníctvo  |c Zdenko Laučík a kol. 
264 1 |a Bratislava  |b Slovenské pedagogické nakladateľstvo  |c 1980 
300 |a 504 s. 
490 1 |a Vysokoškolská učebnica 
830 0 |a Vysokoškolská učebnica 
100 1 |a Laučík, Zdenko